Proceedings of the Warmwater Fish Culture Workshop, March 1-4, 1982 held in conjunction with the Annual Meeting of the World Mariculture Society, Charleston, South Carolina /

Bibliographic Details
Corporate Author: Warmwater Fish Culture Workshop Charleston, S.C.
Other Authors: Stickney, Robert R., Meyers, S. P.
Format: Conference Proceeding Book
Language:English
Published: Baton Rouge, La. : Louisiana State University, Division of Continuing Education, 1983.
Series:Special publication (World Mariculture Society) ; no. 3.
Subjects:

MARC

Tag First Indicator Second Indicator Subfields
LEADER 00000cam a2200000 a 4500
001 in00000027818
005 20151007054628.0
008 851226s1983 laua b s10010 eng
010 |a  85243204  
035 |a (OCoLC)12483981 
035 |9 AAB5760AM 
040 |a DLC  |c DLC  |d m/c  |d OCL  |d UtOrBLW 
049 |a TXAM  |c [A12605106] 
050 0 0 |a SH151  |b .W36 1982 
070 0 |a SH138.S642 no.3 1983 
082 0 |a 639.3/1  |2 19 
111 2 |a Warmwater Fish Culture Workshop  |d (1982 :  |c Charleston, S.C.) 
245 1 0 |a Proceedings of the Warmwater Fish Culture Workshop, March 1-4, 1982 held in conjunction with the Annual Meeting of the World Mariculture Society, Charleston, South Carolina /  |c Robert R. Stickney and Samuel P. Meyers, editors. 
264 1 |a Baton Rouge, La. :  |b Louisiana State University, Division of Continuing Education,  |c 1983. 
300 |a iv, 190 pages :  |b illustrations ;  |c 24 cm. 
336 |a text  |b txt  |2 rdacontent 
337 |a unmediated  |b n  |2 rdamedia 
338 |a volume  |b nc  |2 rdacarrier 
490 1 |a Special publication ;  |v no. 3 
504 |a Includes bibliographies. 
650 0 |a Fish culture  |v Congresses. 
650 0 |a Mariculture  |v Congresses. 
700 1 |a Stickney, Robert R. 
700 1 |a Meyers, S. P. 
830 0 |a Special publication (World Mariculture Society) ;  |v no. 3. 
999 |a MARS 
999 f f |s 58a16e20-8609-3339-9bae-bddae27298ee  |i 3bce5ab1-6e0a-3312-880d-de0344ecfdae  |t 0 
952 f f |p ric  |a Texas A&M University  |b Rellis Campus  |c Joint Library Facility  |d Remote Storage  |t 0  |e SH151 .W36 1982  |h Library of Congress classification  |i unmediated -- volume  |m A14812605106 
998 f f |a SH151 .W36 1982  |t 0  |l Remote Storage